[Event "82nd Tata Steel Challengers 2020"]
[Site "Wijk aan Zee"]
[Date "2020.01.14"]
[Round "4.6"]
[White "Anton Guijarro, David"]
[Black "Smeets, Jan"]
[Result "1-0"]
[WhiteElo "2694"]
[BlackElo "2585"]
[Annotator "TA"]
[PlyCount "117"]
[EventDate "2020.01.11"]
[EventType "tourn"]
[EventCountry "NED"]
[SourceTitle "playchess.com"]
[Source "ChessBase"]
[SourceQuality "1"]

{[%evp 16,117,47,51,67,69,80,73,88,97,81,64,86,97,113,117,127,119,184,182,214,188,182,147,325,307,291,281,447,434,424,404,384,393,380,375,345,261,248,150,212,210,336,278,217,227,197,178,178,172,144,130,133,127,124,125,141,132,123,125,153,159,180,73,81,72,92,87,135,133,170,166,164,165,206,219,258,189,188,176,204,183,269,22,965,909,785,631,1876,1719,29978,29979,29980,29981,29983,29984,29984,29985,29985,29986,29982,29983,29980,29981]} 1. e4 e5 2. Nf3 Nf6 3. Nxe5 d6 4. Nf3 Nxe4 5. d4 d5 6. Bd3 Be7 7. O-O Nc6 8. Nbd2 {[%cal Bb1d2,Bd2f1,Bf1e3][%mdl 32]} Bf5 9. Re1 {[%cal Rd2e4]} Nd6 {C42: Petroff Defence: 3 Nxe5 and unusual White 3rd moves} (9... Nxd2 10. Qxd2 Bxd3 11. Qxd3 O-O 12. Re2 Qd7 13. Bf4 Rfe8 14. Rae1 Bf8 15. c3 Rxe2 16. Rxe2 a6 17. h3 f6 18. Nd2 Ne7 19. Nf1 {½-½ (19) Giri,A (2783)-Yu,Y (2764) St Petersburg 2018}) 10. Nf1 O-O 11. Bf4 Be6 {White is better.} 12. c3 Qd7 13. Qc2 $146 ({Predecessor:} 13. b4 Bf6 14. a4 Rfe8 15. Ne3 Ne7 16. h3 {1-0 (16) Zolochevsky,V (2321)-Ramos Verdu,J (2035) ICCF email 2010}) 13... g6 14. Ne3 Rfe8 15. h4 Bf8 16. Ng5 Nd8 (16... Nf5 $16) 17. h5 $18 Bg7 18. hxg6 hxg6 19. Re2 b6 $2 (19... Bg4 $16) 20. Rae1 N8b7 21. Nxe6 Qxe6 (21... Rxe6 {was worth a try.} 22. Nxd5 Rxe2 23. Qxe2 Re8) 22. Nf5 Qd7 {Hoping for ...Rxe2.} 23. Nxg7 Kxg7 24. Be5+ f6 25. Bxg6 fxe5 26. Bxe8 ({Not} 26. Rxe5 Rxe5 27. dxe5 Nc4 $16) 26... Rxe8 27. Rxe5 {Strongly threatening Qd2.} Rxe5 (27... Nd8 $16 {was called for.} 28. Rxe8 Nxe8) 28. dxe5 ({Much less strong is} 28. Rxe5 $6 Nf7 $16) 28... Ne4 (28... Qf5 {is a better defense.} 29. Qd1 (29. Qxf5 Nxf5 30. b4 a5 $16) 29... Ne4) 29. f3 Ng5 30. Qd2 Qf5 31. Qxd5 Nc5 32. Qd8 Nge6 33. Qf6+ Qxf6 34. exf6+ Kxf6 35. Rd1 b5 36. g3 Na4 37. Rd2 a5 38. Kf2 Nb6 {[#]} 39. b3 (39. f4 $1 $18) 39... a4 $16 40. Ke2 Nc5 41. b4 Ne6 42. f4 a3 43. Kf3 Na4 44. Rc2 c6 45. g4 Nc7 46. Ke4 Nd5 47. g5+ Kg6 48. Ke5 Naxc3 (48... Nb2 $142) 49. Rc1 $2 ({White must play} 49. f5+ $18 Kxg5 50. Rg2+ Kh5 51. f6 Nxf6 52. Kxf6) 49... Kg7 $2 {[%mdl 8192] [#]} (49... Nxa2 $11 50. Rxc6+ Kh5) 50. f5 $1 $18 {[%cal Rf5f6]} Nxa2 51. Ra1 Naxb4 52. Rxa3 Nc7 53. f6+ {White mates.} Kg6 54. Rf3 Nba6 55. f7 Nc5 56. Rf6+ {[%mdl 64] Double Attack} Kxg5 57. Rd6 N7e6 58. Rxe6 Nd7+ {[#]} 59. Kd6 $1 {[%mdl 64] Double Attack. Accuracy: White = 75%, Black = 28%.} 1-0

[Event "82nd Tata Steel Challengers 2020"]
[Site "Wijk aan Zee"]
[Date "2020.01.14"]
[Round "4.7"]
[White "Smirnov, Anton"]
[Black "Grandelius, Nils"]
[Result "1/2-1/2"]
[WhiteElo "2604"]
[BlackElo "2673"]
[Annotator "TA"]
[PlyCount "72"]
[EventDate "2020.01.11"]
[EventType "tourn"]
[EventCountry "NED"]
[SourceTitle "playchess.com"]
[Source "ChessBase"]
[SourceQuality "1"]

{[%evp 17,72,37,41,26,8,8,8,0,0,0,2,3,11,11,8,0,0,0,22,0,0,-4,16,20,47,39,63,22,16,16,24,15,16,19,18,10,6,10,22,5,17,0,8,0,0,0,0,0,0,-10,0,0,0,-16,0,0,0]} 1. e4 c5 2. Nf3 d6 3. d4 cxd4 4. Nxd4 Nf6 5. Nc3 a6 6. Be3 Ng4 7. Bc1 Nf6 8. Be3 Ng4 9. Bg5 h6 10. Bc1 {B90: Sicilian Najdorf: Unusual White 6th moves, 6 Be3 Ng4 and 6 Be3 e5} (10. Bh4 {is interesting.} Nc6 11. Be2 Nge5 12. f4 Ng6 13. Bg3) 10... Nf6 11. Bd3 e5 12. Nde2 Be7 13. O-O {[#]} Be6 $146 ({Predecessor:} 13... O-O 14. Ng3 Nbd7 15. a4 Nc5 16. Be2 Be6 17. Bf3 Rc8 {½-½ (66) Grischuk,A (2750)-Vachier Lagrave,M (2795) Moscow 2017}) 14. f4 exf4 15. Nxf4 Nc6 16. Nxe6 fxe6 17. Bc4 Qc8 18. Bb3 O-O 19. Bf4 Kh8 20. Kh1 ({But not} 20. Bxd6 Rd8 $17) 20... Ne5 21. Qd4 Nf7 {[#] aiming for ...e5.} 22. Qc4 Qxc4 23. Bxc4 Nd8 24. Rad1 b5 {The position is equal.} 25. Bb3 Nh5 26. Be3 (26. g3 {keeps more tension.} Rb8 27. Be3 Rxf1+ 28. Rxf1 Nf6 29. Re1) 26... Rxf1+ 27. Rxf1 Nf6 28. a3 Rb8 29. Re1 Ng4 30. Bg1 Ne5 31. a4 Nd7 32. axb5 axb5 33. Ba2 Ra8 {[#] Threatens to win with ...b4.} 34. Bb3 Rb8 35. Ba2 Ra8 {White must now prevent ...b4.} 36. Bb3 Rb8 {Accuracy: White = 43%, Black = 69%.} 1/2-1/2

[Event "82nd Tata Steel Challengers 2020"]
[Site "Wijk aan Zee"]
[Date "2020.01.16"]
[Round "5.1"]
[White "Eljanov, Pavel"]
[Black "Smirnov, Anton"]
[Result "1-0"]
[WhiteElo "2650"]
[BlackElo "2604"]
[Annotator "TA"]
[PlyCount "75"]
[EventDate "2020.01.11"]
[EventType "tourn"]
[EventCountry "NED"]
[SourceTitle "playchess.com"]
[Source "ChessBase"]
[SourceQuality "1"]

{[%evp 13,75,32,30,31,27,33,14,15,11,10,20,11,19,4,22,8,11,11,40,53,97,95,97,91,106,103,91,87,173,123,121,73,73,71,64,61,61,73,121,144,238,221,227,237,220,221,340,323,291,306,468,460,447,447,399,461,641,634,812,741,935,807,29984,29983]} 1. d4 d5 2. c4 c6 3. Nf3 Nf6 4. e3 Bg4 5. h3 Bh5 6. Nc3 e6 7. g4 Bg6 8. Ne5 {D11: Slav Defence: 3 Nf3 sidelines and 3...Nf6 4 e3 Bg4} Nbd7 9. Nxg6 hxg6 10. Bd2 {The position is equal.} Bb4 11. cxd5 exd5 12. f3 Bd6 $146 ({Predecessor:} 12... Qe7 13. Qc2 O-O-O 14. O-O-O Kb8 15. Kb1 Nb6 {½-½ (52) Le,Q (2713)-So,W (2760) Bucharest 2019}) 13. Qb3 Bg3+ 14. Kd1 b5 15. Rc1 {Black must now prevent Ne2.} Bd6 16. e4 {[%cal Re4d5]} dxe4 17. Nxe4 Nxe4 18. fxe4 Rc8 19. e5 Be7 20. Bg2 {[#] Hoping for e6.} Nb8 (20... O-O $16) 21. Be3 O-O 22. Kc2 c5 23. dxc5 Bxc5 24. Kb1 $36 {[%mdl 2048] Black is under pressure.} Bxe3 25. Qxe3 Qe7 26. Bd5 Na6 {[#]} (26... Rxc1+ $16 27. Rxc1 Na6) 27. Rxc8 $1 $18 Rxc8 28. Rf1 Rf8 29. e6 Kh7 (29... Kh8 $142 30. Qg3 (30. Rxf7 Rxf7 31. exf7 Qxe3 $14) 30... f5 31. gxf5 Rxf5 32. Rxf5 gxf5) 30. Qf3 f5 31. h4 ({Worse is} 31. gxf5 Rxf5 32. Qg2 Rxf1+ 33. Qxf1 Qg5 $11) 31... f4 (31... Nc7 $142 32. h5 g5) 32. h5 {White wants to mate with hxg6+.} g5 33. Qe4+ Kh8 {and the idea ...Nc5 leaves Black hopeful.} 34. Qe5 Nb4 35. Be4 Kg8 36. Qxb5 Qd6 37. a3 Rb8 38. e7 {Accuracy: White = 86%, Black = 45%.} 1-0

[Event "82nd Tata Steel Challengers 2020"]
[Site "Wijk aan Zee"]
[Date "2020.01.16"]
[Round "5.2"]
[White "Ganguly, Surya Shekhar"]
[Black "Anton Guijarro, David"]
[Result "1/2-1/2"]
[WhiteElo "2636"]
[BlackElo "2694"]
[Annotator "TA"]
[PlyCount "79"]
[EventDate "2020.01.11"]
[EventType "tourn"]
[EventCountry "NED"]
[SourceTitle "playchess.com"]
[Source "ChessBase"]
[SourceQuality "1"]

{[%evp 23,79,40,27,9,10,10,10,10,16,15,21,0,0,0,14,15,12,-17,14,0,8,10,10,7,22,18,25,13,12,0,0,0,0,0,0,0,0,8,1,6,8,0,0,0,12,11,12,12,12,5,12,12,12,12,12,12,12,12]} 1. e4 e5 2. Nf3 Nc6 3. Bb5 a6 4. Ba4 Nf6 5. O-O Nxe4 6. d4 b5 7. Bb3 d5 8. dxe5 Be6 9. Nbd2 Be7 10. c3 O-O 11. Bc2 f5 12. exf6 Nxf6 13. h3 {C83: Open Ruy Lopez: 9 c3 Be7} (13. a4 b4 14. Re1 Qd7 15. Nf1 Bg4 16. Ne3 bxc3 17. Nxg4 Nxg4 18. h3 cxb2 19. Bxb2 Nf6 20. Ng5 g6 {1-0 (28) Fedoseev,V (2677)-Vidit,S (2721) Moscow 2019}) 13... Qd7 14. Re1 Bd6 15. Nf1 {[#]} Rae8 $146 ({Predecessor:} 15... Bf5 16. Bxf5 Qxf5 17. Ne3 Qh5 18. Ng4 Kh8 19. a4 Nxg4 20. hxg4 Qxg4 21. axb5 axb5 22. Rxa8 Rxa8 23. Qxd5 {½-½ (60) De Firmian,N (2560)-Mikhalevski,V (2566) Las Vegas 2006}) 16. Ng3 Bf7 17. Bf5 Rxe1+ 18. Qxe1 Qe8 19. Bg5 Ne5 20. Nh4 Ng6 21. Qd2 Nxh4 22. Bxh4 Qe5 23. Re1 Ne4 24. Bxe4 dxe4 25. Rxe4 Qd5 {The position is equal.} 26. Qe1 Bg6 $1 {[#] White must now prevent ...Bxg3.} 27. Re2 Qxa2 28. Be7 Bxe7 29. b4 Qb1 $1 {[%cal Rb1e1]} 30. Qxb1 Bxb1 31. Rxe7 $11 {[%mdl 4096] Endgame KRB-KRN} c5 32. Ra7 cxb4 33. cxb4 Bg6 34. Ne2 Re8 35. Nf4 Re4 36. Nd5 Rd4 37. Ne7+ Kf8 38. Nxg6+ hxg6 39. Rxa6 Kf7 $1 40. Rb6 {Accuracy: White = 56%, Black = 59%.} 1/2-1/2

[Event "82nd Tata Steel Challengers 2020"]
[Site "Wijk aan Zee"]
[Date "2020.01.16"]
[Round "5.3"]
[White "Nihal Sarin"]
[Black "Van Foreest, Lucas"]
[Result "0-1"]
[WhiteElo "2618"]
[BlackElo "2523"]
[Annotator "TA"]
[PlyCount "52"]
[EventDate "2020.01.11"]
[EventType "tourn"]
[EventCountry "NED"]
[SourceTitle "playchess.com"]
[Source "ChessBase"]
[SourceQuality "1"]

{[%evp 21,104,7,13,0,2,-18,11,-7,35,14,8,0,0,0,0,0,60,54,64,-4,99,-52,-45,-65,-42,-43,-21,-89,-87,-134,-150,-156,-134,-125,-125,-116,-102,-102,-102,-102,-102,-103,-102,-103,-102,-102,-102,-103,-102,-102,-102,-102,-102,-102,-112,-352,-352,-339,-338,-378,-378,-378,-378,-406,-406,-439,-439,-425,-417,-406,-379,-522,-406,-858,-858,-843,-834,-843,-798,-662,-406,-6260,-6207,-5925,-5847]} 1. e4 e5 2. Nf3 Nc6 3. Bc4 Nf6 4. d3 Bc5 5. c3 d6 6. Nbd2 a6 7. Bb3 Ba7 8. h3 O-O 9. O-O Be6 10. Bc2 h6 11. Re1 Re8 12. Nf1 {C54: Giuoco Piano: 4 c3 Nf6, main lines with 5 d4 and 5 d3} d5 13. Bd2 {[#]} d4 $146 ({Predecessor:} 13... Qd7 14. N3h2 Rad8 15. Qf3 Nh7 16. Qg3 Kh8 17. Rad1 d4 18. Nf3 f6 19. Nh4 Ne7 {1-0 (34) Movsesian,S (2653)-Mamedyarov,S (2747) Huaian 2016}) 14. c4 {The position is equal.} b5 15. cxb5 axb5 {[%cal Ba6b5,Bb5b4][%mdl 32]} 16. a4 b4 $1 17. a5 Qd6 18. Ba4 Nd7 ({Black should play} 18... Bd7 $11) 19. Ng3 Nc5 20. Bxc6 (20. Nh4 $14) 20... Qxc6 (20... Bb3 $11 {remains equal.} 21. Qe2 Qxc6) 21. Bxb4 $2 {[#]} ({White must play} 21. Nxe5 $16 Qd6 22. Qh5) 21... Nb3 $36 {[%mdl 2048] Black has some pressure.} 22. Rb1 $1 ({Much weaker is} 22. Ra3 Qb5 $17) 22... Qb5 23. Ba3 Qxa5 24. Nf1 (24. Nh5 $11) 24... Qb5 $17 25. Qc2 Bb6 26. N1d2 Ra4 {Played: Bb6-a5} 0-1

[Event "82nd Tata Steel Challengers 2020"]
[Site "Wijk aan Zee"]
[Date "2020.01.16"]
[Round "5.4"]
[White "Grandelius, Nils"]
[Black "Warmerdam, Max"]
[Result "1-0"]
[WhiteElo "2673"]
[BlackElo "2498"]
[Annotator "TA"]
[PlyCount "109"]
[EventDate "2020.01.11"]
[EventType "tourn"]
[EventCountry "NED"]
[SourceTitle "playchess.com"]
[Source "ChessBase"]
[SourceQuality "1"]

{[%evp 9,109,12,14,14,7,12,20,33,36,26,31,22,19,11,20,17,22,17,30,37,33,33,39,33,33,33,26,29,42,36,31,15,42,37,37,39,90,35,42,42,40,34,39,47,85,98,99,92,86,31,34,32,28,35,41,9,0,0,0,0,258,258,258,258,258,258,258,258,243,236,158,166,152,136,141,150,225,204,228,206,222,165,572,574,535,381,1614,1484,1472,1371,5929,5708,5929,5612,11828,11828,6609,5808,5808,5929,4627,1964]} 1. Nf3 d5 2. g3 c6 3. Bg2 Bg4 4. O-O Nd7 5. h3 Bh5 (5... Bxf3 6. Bxf3 e6 7. d3 Bd6 8. e4 Ngf6 9. Qe2 Qc7 10. Nc3 O-O-O 11. a4 Rdg8 12. Rb1 g5 {1-0 (37) Vachier Lagrave,M (2780)-Topalov,V (2740) Abidjan 2019}) 6. d4 {A07: Réti Opening: New York and Capablanca Systems} e6 7. c4 dxc4 8. Nbd2 {The position is equal.} Nb6 9. Qc2 Nf6 $146 ({Predecessor:} 9... Bg6 10. Qc3 Nf6 11. Ne5 Nfd5 12. Qf3 {½-½ (100) Minasian,A (2555)-Motylev,A (2634) Dubai 2003}) 10. Nxc4 Bg6 11. Qb3 Nxc4 12. Qxc4 Be4 13. Ne5 Bd5 14. Qd3 {e4 is the strong threat.} Bxg2 15. Kxg2 Bd6 16. Nf3 O-O 17. e4 Be7 18. Rd1 Rc8 19. b3 Qa5 20. Bd2 Qa3 21. Bc3 Rfd8 22. Ne5 c5 (22... Nd7 $14 23. Nc4 Qa6) 23. Qf3 (23. d5 $1 $16) 23... cxd4 $14 24. Bxd4 Qa5 {aiming for ...Rxd4!} 25. Nc4 Qa6 26. a4 b6 {[#]} 27. Bxf6 $1 Bxf6 28. e5 Be7 29. Nd6 ({Better is} 29. Rac1 $16) 29... Bxd6 $1 30. exd6 h6 31. Rac1 Rc5 32. b4 Rf5 33. Qe4 {Strongly threatening g4.} Qxa4 34. g4 $36 {[%mdl 2048] [#] White fights for an advantage.} Rd5 $2 {[%mdl 8192]} (34... Rc5 $1 $11 {[%mdl 512] and Black has nothing to worry.}) 35. Rxd5 $18 exd5 36. Qxd5 {[%mdl 4096] Endgame KQR-KQR} Qd7 37. Rc7 Qe6 38. Qxe6 fxe6 {KR-KR} 39. d7 {And now Rc8! would win.} ({Not} 39. Rxa7 Rxd6 40. Rb7 Kh7 $16) 39... Kf7 40. Rxa7 Ke7 41. Rb7 Rxd7 42. Rxb6 Rd4 (42... h5 $16 43. gxh5 Rd5) 43. b5 {[%cal Bb4b5,Bb5b6,Bb6b7][%mdl 32]} Rb4 44. Rb8 Kf6 45. Kg3 h5 $2 (45... Rb3+ {is more resistant.} 46. f3 Ke5) 46. gxh5 Kg5 47. b6 {Black must now prevent b7.} Kxh5 $2 (47... Rb3+ 48. f3 Kxh5) 48. b7 {White is clearly winning.} Kg6 49. h4 Kh7 50. h5 e5 51. Kf3 Rb3+ 52. Ke4 Rb5 53. Kf5 Rb2 54. Kxe5 Re2+ 55. Kd4 {Accuracy: White = 70%, Black = 52%.} 1-0

[Event "82nd Tata Steel Challengers 2020"]
[Site "Wijk aan Zee"]
[Date "2020.01.16"]
[Round "5.5"]
[White "Smeets, Jan"]
[Black "Mamedov, Rauf"]
[Result "1-0"]
[WhiteElo "2585"]
[BlackElo "2659"]
[Annotator "TA"]
[PlyCount "77"]
[EventDate "2020.01.11"]
[EventType "tourn"]
[EventCountry "NED"]
[SourceTitle "playchess.com"]
[Source "ChessBase"]
[SourceQuality "1"]

{[%evp 17,76,0,0,4,21,18,27,17,33,25,28,21,26,25,21,22,19,16,25,13,31,25,55,23,116,104,115,90,108,68,114,93,191,143,230,208,254,234,281,306,266,217,227,216,515,497,587,563,539,471,447,297,491,437,1210,1178,1133,1126,29998,29999,29999]} 1. e4 c5 2. Nf3 Nc6 3. Bb5 g6 4. O-O Bg7 5. c3 Nf6 6. Re1 O-O 7. d4 d5 8. e5 Ne4 9. Bxc6 bxc6 10. Be3 {B31: Sicilian: 2...Nc6 3 Bb5 g6} (10. Nbd2 Bf5 11. Nh4 Be6 12. Nxe4 dxe4 13. Rxe4 cxd4 14. cxd4 c5 15. Be3 Qd5 16. Qc2 cxd4 17. Rxd4 Qxe5 18. Nf3 Qb5 {½-½ (45) Fedoseev,V (2664)-Motylev,A (2653) Khanty-Mansiysk 2015}) 10... Rb8 11. Qc1 Qb6 12. b3 $1 {White has an edge.} cxd4 13. cxd4 Qa5 $146 ({Predecessor:} 13... f6 14. Nc3 Qb4 15. Nxe4 dxe4 16. Bd2 Qb6 17. Qc4+ Kh8 18. exf6 exf6 19. Rxe4 {1-0 (34) Tischbierek,R (2433)-Troyke,C (2326) Wunsiedel 2013}) 14. Nbd2 Bf5 15. Nxe4 Bxe4 16. Nd2 Bf5 17. Qb2 Rfc8 18. Rec1 Bf8 19. Rc3 Qa6 20. Nf3 Be4 {[#]} (20... e6 $11 {keeps the balance.}) 21. Ne1 $1 $16 h5 22. h3 Bf5 23. Rac1 f6 24. Qd2 Kh7 (24... Bg7 $16 {was worth a try.}) 25. f3 g5 (25... fxe5 $16 {was called for.} 26. dxe5 Bg7) 26. Nd3 Bg7 27. Nc5 Qa5 28. g4 Bg6 29. f4 gxf4 30. Bxf4 {Hoping for exf6.} Rg8 $2 (30... fxe5 31. Bxe5 Bxe5) 31. exf6 $18 exf6 {If Black can now play ...Rbe8 this consolidates a bit.} 32. Bxb8 Rxb8 33. Ne6 Bh6 34. g5 fxg5 $2 (34... Re8 35. gxh6 Rxe6) 35. Nxg5+ Kg8 (35... Bxg5 $142 36. Qxg5 Qb4) 36. Qf4 Rf8 {[#]} 37. Qd6 $1 {[%mdl 64] Double Attack} Qxa2 38. Qxg6+ {[%mdl 64] Double Attack} Bg7 39. Qh7# {Accuracy: White = 97%, Black = 27%.} 1-0

[Event "82nd Tata Steel Challengers 2020"]
[Site "Wijk aan Zee"]
[Date "2020.01.16"]
[Round "5.6"]
[White "Keymer, Vincent"]
[Black "Abdusattorov, Nodirbek"]
[Result "0-1"]
[WhiteElo "2527"]
[BlackElo "2635"]
[Annotator "TA"]
[PlyCount "72"]
[EventDate "2020.01.11"]
[EventType "tourn"]
[EventCountry "NED"]
[SourceTitle "playchess.com"]
[Source "ChessBase"]
[SourceQuality "1"]

{[%evp 18,72,12,12,26,7,5,11,11,0,3,6,45,29,47,46,53,46,54,22,29,13,12,12,15,-12,-8,-55,-61,-68,-68,-68,-76,-65,-66,-70,-73,-100,-100,-100,-100,-250,-269,-356,-359,-358,-365,-351,-348,-513,-513,-513,-513,-513,-506,-496,-491]} 1. d4 Nf6 2. c4 e6 3. Nf3 d5 4. Nc3 Be7 5. g3 O-O 6. Bg2 dxc4 7. Ne5 c5 8. dxc5 Qxd1+ 9. Nxd1 Bxc5 10. O-O Nc6 {E06: Closed Catalan: Early deviations} 11. Bxc6 bxc6 12. Be3 Bb6 {The position is equal.} 13. Bxb6 axb6 14. Nc3 {[#]} Bb7 $146 ({Predecessor:} 14... Bd7 15. Rfd1 Rfd8 16. Nxc4 b5 17. Ne5 Be8 18. Rxd8 Rxd8 {1-0 (64) Giri,A (2797)-Jakovenko,D (2719) Shenzhen 2019}) 15. a4 b5 16. axb5 cxb5 17. Nxb5 Rab8 18. Nc3 Bd5 19. Rfb1 Rfc8 20. f3 Bc6 21. g4 Be8 22. Ra5 Nd5 {[#] White must now prevent ...Nxc3.} 23. Nxd5 exd5 24. Rxd5 f6 $1 $36 {[%cal Rf6e5][%mdl 2048] Black has strong initiative.} 25. Nd7 Rb7 26. Rbd1 $1 ({Don't go for} 26. Nc5 $2 Rb5 $19) 26... Rxb2 {Strongly threatening ...c3.} 27. Rc5 Rxc5 28. Nxc5 Rxe2 $17 {[%mdl 4096] Endgame And now ...c3 would win. KRB-KRN} 29. Rd8 (29. Rc1 $17) 29... Kf7 $19 {Threatens to win with ...c3.} 30. Rc8 c3 31. Ne4 c2 32. Kf1 Rxh2 33. Kg1 (33. Rc7+ $142 Ke6 34. Nf2) 33... Re2 {Black is clearly winning.} 34. Kf1 {[#]} Bb5 $1 35. Nd6+ Kg6 {( -> ...Re8+)} 36. Nxb5 Rd2 {Accuracy: White = 41%, Black = 80%.} 0-1

[Event "82nd Tata Steel Challengers 2020"]
[Site "Wijk aan Zee"]
[Date "2020.01.16"]
[Round "5.7"]
[White "L'Ami, Erwin"]
[Black "Saduakassova, Dinara"]
[Result "1-0"]
[WhiteElo "2606"]
[BlackElo "2519"]
[Annotator "TA"]
[PlyCount "105"]
[EventDate "2020.01.11"]
[EventType "tourn"]
[EventCountry "NED"]
[SourceTitle "playchess.com"]
[Source "ChessBase"]
[SourceQuality "1"]

{[%evp 17,105,10,0,19,22,22,24,23,82,70,118,104,123,130,126,111,127,73,70,64,83,89,90,90,90,90,90,90,89,89,85,75,89,83,98,83,74,60,51,54,47,54,56,53,64,67,63,22,19,7,34,13,135,136,135,135,138,137,131,131,140,139,138,139,223,203,233,235,235,223,950,922,860,860,1559,1353,6404,5222,29986,29987,29987,29988,29988,29989,29989,29990,29990,29991,29992,29993]} 1. d4 Nf6 2. c4 e6 3. Nc3 Bb4 4. f3 d5 5. a3 Bxc3+ 6. bxc3 c5 7. cxd5 Nxd5 8. dxc5 f5 9. Nh3 O-O 10. Nf4 {E25: Nimzo-Indian: Sämisch: 5...c5 6 f3 d5 7 cxd5} Nc6 (10... Nxc3 11. Qc2 Nd5 12. Nxd5 exd5 13. Bb2 Nc6 14. e3 Be6 15. Bb5 Na5 16. Rb1 Nc4 17. Bxc4 dxc4 {½-½ (17) Adhiban,B (2695)-Kunte,A (2469) Makati 2018}) 11. Nxd5 exd5 12. Bf4 {White has an edge.} Qf6 (12... Be6 $11) 13. Qd2 $16 Re8 14. Kf2 ({Much weaker is} 14. Qxd5+ $6 Be6 $11) 14... Be6 $146 ({Predecessor:} 14... Na5 15. Qxd5+ Be6 16. Qe5 Qxe5 17. Bxe5 Nb3 {½-½ (62) Rosenthal,J (2349)-Carron,J (2369) Switzerland 2012}) 15. e3 Rac8 16. Bb5 a6 17. Bxc6 ({Better is} 17. Be2) 17... Rxc6 18. Qd4 Qe7 19. Rab1 Rxc5 {[#]} 20. Rxb7 $1 {[%mdl 512]} Qxb7 21. Qxc5 Qb2+ 22. Kg3 Bf7 23. h4 h6 24. h5 Re6 25. Qc8+ Re8 26. Qxa6 Qxc3 27. a4 d4 28. exd4 Qxd4 29. a5 Qd5 30. Qb6 Re6 31. Qc7 {Black must now prevent a6.} Rc6 32. Qb8+ Kh7 33. Qa7 Qe6 34. Qe3 $36 {[%mdl 2048] aiming for Qxe6. White has the initiative.} Qa2 (34... g5 $11 35. hxg6+ Qxg6+ 36. Kf2 Rc2+ 37. Ke1 h5) 35. Qe5 Qe6 36. Qxe6 Rxe6 {[%mdl 4096] Endgame KRB-KRB} 37. Ra1 {Strongly threatening a6.} Ra6 38. Kh4 Bd5 39. Be3 Re6 40. Bd4 {Hoping for a6.} Re2 (40... g5+ $16 {is a better defense.} 41. hxg6+ Rxg6) 41. Kg3 Rd2 42. Be5 Re2 43. Bf4 Ra2 $2 (43... g5 44. hxg6+ Kxg6) 44. Rxa2 $18 Bxa2 {KB-KB} 45. a6 g5 46. Bd2 f4+ {[#]} 47. Bxf4 $1 {[%mdl 512]} gxf4+ 48. Kxf4 {KB-KP. White mates.} Bd5 49. Ke5 Ba8 50. Kf6 Bc6 51. a7 Ba8 52. Ke7 Kg7 53. f4 {Accuracy: White = 77%, Black = 38%.} 1-0

[Event "82nd Tata Steel Challengers 2020"]
[Site "Wijk aan Zee"]
[Date "2020.01.17"]
[Round "6.1"]
[White "Smeets, Jan"]
[Black "Ganguly, Surya Shekhar"]
[Result "1/2-1/2"]
[WhiteElo "2585"]
[BlackElo "2636"]
[Annotator "TA"]
[PlyCount "137"]
[EventDate "2020.01.11"]
[EventType "tourn"]
[EventCountry "NED"]
[SourceTitle "playchess.com"]
[Source "ChessBase"]
[SourceQuality "1"]

{[%evp 9,137,20,20,14,12,25,20,7,18,8,23,7,0,7,7,0,14,0,8,8,8,8,7,8,0,-4,-4,-4,0,-8,0,-4,-4,-4,-4,-4,0,-11,0,0,0,0,0,0,0,0,0,0,0,0,0,0,0,-18,-20,-54,-56,-50,-59,-52,-64,-52,-52,-90,-104,-79,-10,-10,-10,-58,-10,-31,0,0,0,10,110,125,118,116,115,111,108,106,107,92,130,167,139,80,80,80,80,80,80,0,0,0,0,0,0,0,0,0,0,0,0,0,0,0,0,0,0,0,0,0,0,0,0,0,0,0,0,0,0,0,0,0,0,0]} 1. e4 c5 2. Nf3 d6 3. Bb5+ Nd7 4. O-O a6 5. Bd3 Ngf6 6. Re1 {B51: Sicilian: Moscow Variation (3 Bb5+) without 3...Bd7} e6 7. c3 $146 (7. a4 b6 8. c3 Bb7 9. Qe2 Qc7 10. Na3 Be7 11. Bb1 e5 12. d4 cxd4 13. cxd4 exd4 14. Nxd4 {½-½ (42) Jakovenko,D (2719)-Ding,L (2809) Shenzhen 2019}) 7... b5 8. a4 Bb7 9. Bc2 c4 10. d4 cxd3 11. Qxd3 Nc5 12. Qe2 bxa4 13. Be3 Bxe4 14. Bxc5 Bxc2 15. Qxc2 {And now Bd4 would win.} dxc5 16. Qxa4+ Qd7 17. Rd1 Qxa4 18. Rxa4 Be7 19. Nbd2 Nd5 20. Nc4 f6 21. Rda1 Nc7 22. h4 O-O 23. Kf1 h5 24. Ke2 Rfd8 25. Ne1 Rab8 26. Nd3 Kf7 27. Kd2 Rd5 28. Kc2 g6 29. Ne3 Rd7 30. Rd1 {Threatens to win with Ne5+!} Kg7 31. Rc4 Nd5 32. Re1 Nb6 33. Re4 $1 e5 34. Nc4 Nxc4 35. Rxc4 Rbd8 36. Rd1 f5 37. f3 f4 (37... Rd6 $17) 38. b3 $11 Rd5 39. Ra4 R8d6 40. Raa1 Kh7 41. c4 Rd4 42. Nxe5 {aiming for Rxd4.} Bf6 (42... Rxd1 $11 {keeps the balance.} 43. Rxd1 Rxd1 44. Kxd1 Bxh4) 43. Rxd4 $16 Rxd4 {[%mdl 4096] Endgame KRB-KRN} 44. Re1 Bxh4 45. Re2 $1 g5 46. Nd3 g4 47. Nxc5 gxf3 48. gxf3 Bg3 49. Nxa6 (49. Re6 $142) 49... h4 50. c5 {Hoping for c6.} h3 51. c6 $1 {[%cal Rc6c7] White threatens c7 and mate.} Rd6 {[#]} 52. Nb4 ({And not} 52. Nb8 Rd8 $19) ({Better is} 52. c7 $1 $16 Rc6+ 53. Kb2) 52... Rd8 $1 $11 {The position is equal.} ({Avoid the trap} 52... h2 $2 {[#]} 53. Rxh2+ $1 {[%mdl 512]} Bxh2 54. c7 $18) 53. c7 Rc8 $1 {[%cal Rc8c7]} 54. Nd5 $1 h2 55. Rxh2+ $1 Bxh2 56. Kd3 Bg1 {...Bc5 is the strong threat.} 57. Kc4 {[#]} Bb6 $1 {[%mdl 512]} 58. Nxb6 Rxc7+ {KR-KN} 59. Kd4 Kg6 {[#]} 60. Nd5 $1 {[%mdl 512]} Rf7 61. Ke5 Kg5 62. b4 Rf8 63. b5 Re8+ 64. Kd6 Re3 65. Nxf4 Kxf4 66. b6 Rb3 67. Kc7 Kxf3 68. b7 Rxb7+ 69. Kxb7 {Accuracy: White = 73%, Black = 72%.} 1/2-1/2